The oceans: their physics, chemistry, and general biology
Tallennettuna:
| Päätekijät: | , , |
|---|---|
| Aineistotyyppi: | Kirja |
| Kieli: | englanti |
| Julkaistu: |
Englewood Cliffs
Prentice-Hall
1942
|
| Aiheet: | |
| Tagit: |
Lisää tagi
Ei tageja, Lisää ensimmäinen tagi!
|
MARC
| LEADER | 00000nam a2200000 a 4500 | ||
|---|---|---|---|
| 001 | UCV5233 | ||
| 003 | CL-VaPUC | ||
| 008 | 920929e19420000US |||||||||||||||||eng|d | ||
| 082 | 0 | 4 | |a 551.46 |b SVE |2 21 |
| 100 | 0 | |a Sverdrup, Harald Ulrik |e author |9 299546 | |
| 700 | 0 | |a Johnson, Martin Wiggo |e author |9 299547 | |
| 700 | 0 | |a Fleming, Richard Howell |e author |9 299548 | |
| 245 | 1 | 4 | |a The oceans: their physics, chemistry, and general biology |
| 300 | |a 1087 p | ||
| 942 | |c BK | ||
| 945 | |d 19920929 00:00:00 |a mfernand | ||
| 260 | |a Englewood Cliffs |b Prentice-Hall |c 1942 | ||
| 650 | 0 | |a Oceanografía |9 260014 | |
| 583 | |a last modification |c 20120511 09:04:56 |k Rodrigo Vera | ||
| 999 | |c 211813 |d 211811 | ||
| 952 | |0 0 |1 0 |2 ddc |4 0 |6 551_460000000000000_SVE_1942 |7 0 |8 P |9 191758 |a BIBCUR |b BIBCUR |c PAC |d 2019-11-14 |i 259286K |o 551.46 SVE 1942 |p 259286K |r 2025-04-22 |w 2019-11-14 |y BK |k CIM | ||